成立しなかった新自治体名 - Statistics

General Stats
  • This quiz has been taken 12 times
  • The average score is 8 of 57
Answer Stats
Hint Answer % Correct
平塚市、藤沢市、茅ケ崎市、寒川町、大磯町、二宮町 湘南市
90%
南知多町、美浜町 南セントレア市
60%
南幌町、由仁町、栗山町 東さっぽろ市
50%
中標津町、羅臼町 東知床市
50%
白石市、蔵王町 白石蔵王市
50%
駒ケ根市、飯島町、中川村 中央アルプス市
50%
佐呂間町、上湧別町、湧別町 サロマ町
40%
新冠町、静内町、三石町 ひだか市
40%
守口市、門真市 守口門真市
40%
東金市、九十九里町、成東町、山武町、蓮沼村、松尾町 九十九里市
30%
能代市、琴丘町、二ツ井町、八森町、山本町、八竜町、峰浜村 白神市
20%
川口市、蕨市、鳩ケ谷市 武南市
20%
久喜市、幸手市、鷲宮町 桜宮市
20%
勝浦市、大多喜町、夷隅町、御宿町、大原町、岬町 外房市
20%
飯山市、野沢温泉村 飯山野沢温泉市
20%
泉佐野市、泉南市、阪南市、田尻町、岬町 南泉州市
20%
平群町、三郷町、斑鳩町、安堵町、上牧町、王寺町、河合町 西和市
20%
須崎市、中土佐町 黒潮市
20%
石垣市、竹富町 八重山市
20%
猿払村、浜頓別町、中頓別町 天北町
10%
尾花沢市、大石田町 はながさ市
10%
本庄市、美里町、児玉町、神川町、上里町、神泉村 こだま市
10%
蓮田市、白岡町、菖蒲町 彩野市
10%
蓮田市、白岡町 白岡蓮田市
10%
印西市、白井市、印旛村、本埜村 北総市
10%
穴水町、門前町 鳳町
10%
春江町、坂井町 春坂市
10%
豊前市、築城町、椎田町 豊築市
10%
長与町、時津町、琴海町 琴の海市
10%
大津町、菊陽町、合志町、西合志町 東熊本市
10%
豊頃町、浦幌町 東十勝町
0%
喜茂別町、留寿都村 ルスツ町
0%
金木町、中里町、市浦村、小泊村 十三湖町
0%
小牛田町、涌谷町、南郷町 遠田市
0%
角田市、丸森町 あぶくま市
0%
中新田町、小野田町、宮崎町、色麻町 加美市
0%
五城目町、八郎潟町 湖東町
0%
石岡市、美野里町、玉里村、八郷町 常陸野市
0%
阿見町、美浦村 霞南市
0%
藤岡町、岩舟町、大平町 みかも市
0%
烏山町、南那須町、馬頭町、小川町 那須南市
0%
栗橋町、北川辺町、大利根町 東埼玉市
0%
出雲崎町、与板町、和島村 良寛町
0%
信州新町、小川村、中条村 信州西山町
0%
丸子町、長門町、武石村、和田村 依田窪市
0%
七宝町、三輪町、大治町 名西市
0%
日和佐町、由岐町、牟岐町 美海町
0%
広見町、松野町、日吉村 きほく町
0%
奈半利町、田野町、安田町、北川村 中芸町
0%
直方市、小竹町、鞍手町 ゆたか市
0%
江北町、北方町、大町町、白石町、福富町、有明町 杵島市
0%
松浦市、田平町、福島町、高島町、江迎町、鹿町町 北松浦市
0%
佐々町、小佐々町 さざなみ町
0%
清武町、田野町 西宮崎市
0%
高原町、野尻町 西諸町
0%
枕崎市、知覧町 ちらん枕崎市
0%
佐敷町、与那原町、玉城村、知念村 東方市
0%
No matching quizzes found
Score Distribution
Percent of People with Each Score
Percentile by Number Answered
Your Score History
You have not taken this quiz